000 00455nam a2200181Ia 4500
005 20250923144256.0
008 008 250917s9999 xx 000 0 eng d
037 _aTextual
040 _aDSWL
_beng
_cDSWL
041 _aeng
_2eng
084 _qDSWL
100 _aHouse, E.N
_9823126
245 0 _aRange of social theory
_cby E.N House
260 _aNew York
_c1929
300 _a587 p.
942 _cTEXL
999 _c1436898
_d1436898